Összes munkái. (Record no. 15331)
[ view plain ]
| 000 -LEADER | |
|---|---|
| fixed length control field | 01344cam a22002411 4500 |
| 001 - CONTROL NUMBER | |
| control field | ca 17003896 |
| 003 - CONTROL NUMBER IDENTIFIER | |
| control field | DLC |
| 005 - DATE AND TIME OF LATEST TRANSACTION | |
| control field | 20260227111106.0 |
| 008 - FIXED-LENGTH DATA ELEMENTS--GENERAL INFORMATION | |
| fixed length control field | 900330s1900 hu cfh 000 0 hun |
| 010 ## - LIBRARY OF CONGRESS CONTROL NUMBER | |
| LC control number | ca 17003896 |
| 035 ## - SYSTEM CONTROL NUMBER | |
| System control number | (OCoLC)21289009 |
| 040 ## - CATALOGING SOURCE | |
| Original cataloging agency | DLC |
| Transcribing agency | WaU |
| Modifying agency | DLC |
| 042 ## - AUTHENTICATION CODE | |
| Authentication code | premarc |
| 050 00 - LIBRARY OF CONGRESS CALL NUMBER | |
| Classification number | PH3205 |
| Item number | .A1 1900 |
| 100 1# - MAIN ENTRY--PERSONAL NAME | |
| Personal name | Arany, János, |
| Dates associated with a name | 1817-1882. |
| 245 00 - TITLE STATEMENT | |
| Title | Összes munkái. |
| 260 ## - PUBLICATION, DISTRIBUTION, ETC. | |
| Place of publication, distribution, etc. | Budapest, |
| Name of publisher, distributor, etc. | Franklin társulat, |
| Date of publication, distribution, etc. | 1900. |
| 300 ## - PHYSICAL DESCRIPTION | |
| Extent | 13 v. |
| Other physical details | 3 front. (ports., v. 9, 10, 12) plates, facsims. |
| Dimensions | 21 cm. |
| 505 0# - FORMATTED CONTENTS NOTE | |
| Formatted contents note | 1. köt. Kisebb költemények.--2. köt. Toldi trilógia.--3. köt. Elbeszélő költemények.--4. köt. Elbeszélő költemények. Elegyes darabok.--5. köt. Prózai dolgozatai.--6. köt. Shakspere-forditások: A szent-Iván éji álom. Hamlet, dan királyfi. János király.--7.-8. köt. Aristophanes vígjátékai: I. A lovagok. A felhők. A darázsok. A béke. Az Acharnaebeliek. A madarak. II. A békák. Lysistrate. A nők ünnepe. A nőuralom. Plutos.--9. köt Hátrahagyott versei.--10. köt Hátrahagyott prózai dolgozatai.--11.-12. köt. Levelezése iró barátaival.--13. köt. Katona József Bánk bán-ja, Arany János jegyzeteivel és tanulmányaival. |
| 700 1# - ADDED ENTRY--PERSONAL NAME | |
| Personal name | Shakespeare, William, |
| Dates associated with a name | 1564-1616. |
| 700 0# - ADDED ENTRY--PERSONAL NAME | |
| Personal name | Aristophanes. |
| 700 1# - ADDED ENTRY--PERSONAL NAME | |
| Personal name | Katona, József, |
| Dates associated with a name | 1792-1830. |
No items available.